| 000 | 00752nam a22002417a 4500 | ||
|---|---|---|---|
| 999 |
_c135804 _d135804 |
||
| 003 | dpl | ||
| 005 | 20181103174250.0 | ||
| 008 | 181103b ||||| |||| 00| 0 eng d | ||
| 010 | _aB-163906,B-163926 | ||
| 020 |
_c210.00 _a8176569771 |
||
| 035 | _aB-163906,B-163926 | ||
| 037 | _bCen Lib/Ret | ||
| 040 |
_aDPL _bEN _c0 |
||
| 082 |
_a005.13 _bJAV |
||
| 110 |
_aNew Delhi.BPB Publications _998530 |
||
| 245 | _aJava projects / | ||
| 260 |
_aNew Delhi _bBPB Publications _c2006 |
||
| 270 |
_bNew Delhi _aB-14, Connaught Place _e110001 |
||
| 300 |
_avi,486p. : _c24cm(pbk) _bill. |
||
| 650 |
_aJava (Computer program language) _935090 |
||
| 650 |
_aApplication software -- Development. _936689 |
||
| 942 |
_2ddc _cEN _h005.13 _mJAV |
||